Vista normal Vista MARC

Entrada Personal Name

Número de registros utilizados en: 1

001 - CONTROL NUMBER

  • control field: 5566

003 - CONTROL NUMBER IDENTIFIER

  • control field: OSt

005 - DATE AND TIME OF LATEST TRANSACTION

  • control field: 20200612201816.0

008 - FIXED-LENGTH DATA ELEMENTS

  • fixed length control field: 200612|| aca||aabn | a|a d

040 ## - CATALOGING SOURCE

  • Original cataloging agency: OSt
  • Transcribing agency: OSt

100 ## - HEADING--PERSONAL NAME

  • Personal name: Cuellar Lopez, Luis,

670 ## - SOURCE DATA FOUND

  • Source citation: Work cat.: (OSt)5449: Cuellar Lopez, Luis, autor, Comentarios al artículo 32 de la constitución nacional /, 1972.